000 00295nam a22001337a 4500
008 170710b xxu||||| |||| 00| 0 eng d
020 _a0717201279
041 _aeng
080 _aR 031 LIT
100 _a23
101 _aENC
245 _aENCYCLOPEDIA AMERICANA
_cLITTLE,E.L
942 _2udc
_cBK
999 _c20192
_d20192